The Hunger Games: Boy or Girl? Quiz Stats

 Plays Quiz Updated Sep 25, 2015

Challenge
Share
Tweet
Embed
Score 0/18 Timer 03:00
0 Plays Today
Name Gender (G/B) % Correct
Annie???
94.2%
Gale???
92.2%
Effie???
88.3%
Darius???
88%
Lavinia???
86.7%
Glimmer???
85.6%
Chaff???
85.3%
Flavius???
85.1%
Cressida???
84.9%
Name Gender (G/B) % Correct
Thresh???
83.3%
Marvel???
82.3%
Homes???
81.5%
Enobaria???
79.7%
Beetee???
74.4%
Clove???
66.8%
Tigris???
56.7%
Jackson???
36.8%
Messalla???
35.9%

You're not logged in!

Compare scores with friends on all Sporcle quizzes.
Join for Free
OR
Log In

You Might Also Like...

Show Comments

Extras

Top Quizzes Today


Score Distribution

Your Account Isn't Verified!

In order to create a playlist on Sporcle, you need to verify the email address you used during registration. Go to your Sporcle Settings to finish the process.

Report this User

Report this user for behavior that violates our Community Guidelines.

Details: